000 02331nam2a2200289 4500
001 RU\NLR\BIBL_A\010699830
005 20250614085732.0
010 _a978-5-9905555-2-5
021 _aRU
_b2015-3905
_9237
035 _a(NLR Aleph) 010699830
090 _a9717914
_c9717914
100 _a20150313d2015 |||y0rusy50 ca
101 0 _arus
102 _aRU
105 _ay z 000yy
200 1 _aДиспансеризация и профилактические медицинские осмотры
210 _d2015
_aБ. м.
215 _a62, [1] с.
320 _aБиблиогр. в конце кн. (7 назв.) и в тексте
461 0 _1001RU\NLR\BIBL_A\010703923
_12000#$aФедеральные номативные документы и методические рекомендации по организации офтальмологической помощи взрослому населению$eучебное пособие для врачей$fГос. бюджет. образоват. учреждение доп. проф. образования "Каз. гос. мед. акад." М-ва здравоохранения Рос. Федерации$vЧ. 2
_99733714
_cМосква
_d2015
_fГос. бюджет. образоват. учреждение доп. проф. образования "Каз. гос. мед. акад." М-ва здравоохранения Рос. Федерации
_nУмный доктор
_oучебное пособие для врачей
_tФедеральные номативные документы и методические рекомендации по организации офтальмологической помощи взрослому населению
_vЧ. 2
606 1 _aДиспансеризация
_jУчебные издания для последипломного образования
_yРоссийская Федерация
_92449369
_3RU\NLR\AUTH\661456433
606 1 _aМедицинские осмотры
_jУчебные издания для последипломного образования
_xОрганизация
_yРоссийская Федерация
_92220962
_3RU\NLR\AUTH\6601566781
686 1 _aР11(2)20я77
942 _cBOOK
980 _aNB